Quizzes
Events
Quiz Creation
Community
Videos
Private Events
Remove Ads
Sign In
Join for FREE
Feedback
Dark Mode
Quiz Categories
Sports
Geography
Music
Movies
Television
Just For Fun
Miscellaneous
History
Literature
Language
Science
Gaming
Entertainment
Religion
Holiday
For Kids
Quiz Lab
Recent
Popular Today
Quiz Kudos Today
Editor Picks
Curator Picks
Quizzes by...
Day
Popularity
Type
Ratings
Length
Year
Community
Subscriptions
Recent Discussions
Orange Saloon
Badges
Playlists
Quests
Create
Leaderboards
Showdown
Live 5
Trivia Bingo
Activity
Puzzle Library
Sporcle Events
Private Events
Virtual Trivia
Globe League
Become a Host
Pub Owners
SporcleCon
Opinionation
Our Games
Videos
Blog
Mobile Apps
Partnerships
Remove Ads and Go Orange
Feedback
Sports
Athletes
MLB
NBA
NHL
NFL
Soccer
Sports Teams
WWE
NCAA
Football
Premier League
Basketball
Baseball
Hockey
Golf
Tennis
Cricket
Rugby
Auto Racing
Olympics
World Cup
Sports
Athletes
MLB
NBA
NHL
NFL
Soccer
Sports Teams
WWE
NCAA
Football
Premier League
Basketball
Baseball
Hockey
Golf
Tennis
Cricket
Rugby
Auto Racing
Olympics
World Cup
Random Quiz
Search Sporcle
×
Quiz Lab
Quiz Lab
Sports
Baseball
Type in answers that appear in a list
Type in answers that appear in a list
Classic
Best Score? Go Orange.
Baseball America Top Philadelphia Phillies Prospects Stats
Can you name Baseball America's annual top-ranked Philadelphia Phillies prospect?
By
HurtSquad
5m
33 Questions
95 Plays
95 Plays
95 Plays
Comments
Comments
Give Quiz Kudos
Give Quiz Kudos
-
- Ratings
hide this ad
More Info
Replay
Link that replays current quiz
Next Quiz
Link to next quiz in quiz playlist
You Got
0%
They Got
Avg Score
53%
Avg Friend Score
Upgrade to see
Score Distribution
Jump to the score distribution portion of the page
Score
0/33
Timer
05:00
0
Plays Today
Year
Player
% Correct
2005
Ryan Howard
93.7%
2015
J.P. Crawford
90%
2001
Jimmy Rollins
89.5%
2004
Cole Hamels
88.4%
2006
Cole Hamels
88.4%
1995
Scott Rolen
84.2%
1996
Scott Rolen
84.2%
1997
Scott Rolen
84.2%
2009
Domonic Brown
83.2%
2010
Domonic Brown
83.2%
2011
Domonic Brown
83.2%
2014
Maikel Franco
81.1%
1999
Pat Burrell
73.7%
2000
Pat Burrell
73.7%
2013
Jesse Biddle
57.9%
1984
Juan Samuel
53.7%
1991
Mickey Morandini
51.6%
Year
Player
% Correct
1992
Tyler Green
48.4%
1993
Tyler Green
48.4%
1994
Tyler Green
48.4%
2002
Marlon Byrd
41.1%
2003
Gavin Floyd
41.1%
1987
Ron Jones
40%
1985
Rick Schu
37.9%
1990
Pat Combs
27.4%
2012
Trevor May
26.3%
2007
Carlos Carrasco
24.2%
2008
Carlos Carrasco
24.2%
1986
Chris James
22.1%
1988
Brad Brink
15.8%
1998
Ryan Brannan
9.5%
1983
Jay Baller
7.4%
1989
Tim Mauser
1.1%
Quiz Playlist
Details
Report
Send in Message
Add To Playlist
More Info:
Note: Baseball America began ranking each MLB organization's top ten prospects for the 1983 season. *-Top-ranked prospect in multiple years
Classic:
Type in answers that appear in a list
Last Updated: Feb 16, 2017
Quiz Scoreboard
CHALLENGE
Sign Up to Join the Scoreboard
Show All
Scores
Hide
Comments
May contain spoilers
Recently Published
Decade Duel: World Leaders
by jenniferyan
History
4m
Alphabetical 'K' Countries by Flag Minefield
by ylime102
Geography
3m
Pick 6: Fruits
by JohnFran
Miscellaneous
15s
More to Explore
Quiz From the Vault
Featured Blog Post
15 Basketball Trivia Facts You Can Be March Mad About
hide this ad
You Might Also Like...
Tags
Athletes Quiz
Baseball Quiz
MLB Quiz
Minor League
MLB Player
phila
Philadelphia
Philadelphia Phillies
Philly
prospect
Top 10
Today's Top Quizzes in Sports
Browse Sports
hide this ad
Today's Top Quizzes in Baseball
Browse Baseball
Top Contributed Quizzes in Sports
1
Les joueurs à 100 buts en Ligue 1 Uber Eats
2
Pick 6: NFL Teams
3
2022 World Cup Stars
4
MLB 2 truths and a lie: Hall of Fame pitchers
5
Pick 6: Minor League Baseball
6
Millionaire: NBA Finals Edition
7
Click the 1998 NBA Draft
8
Criteria MLB: Left Handed Sluggers
9
Pick 6: Olympics
10
Pick 6: NFL WRs
Explore More
Trending Topics
NBA
Marvel
Kpop
Disney
Harry Potter
Crossword
Anime
Puzzle
NFL
Pokémon
Song
WWE
Soccer
The Office
Country
hide this ad
More By:
HurtSquad
Quiz
Plays
Rating
Category
Featured
Created
Philadelphia Eagles Opposing Quarterbacks (2000s)
1,193
4.75
Sports
Dec 13, 2013
Philadelphia Phillies Postseason Home Runs
607
4.71
Sports
Mar 1, 2012
Eagles Opening Day Opposing Quarterbacks Since 1960
587
4.89
Sports
Sep 11, 2013
Philadelphia Eagles Opposing Quarterbacks (2010s)
522
4.67
Sports
Jan 6, 2014
Philadelphia Eagles Playoff Opposing Quarterbacks
499
4.75
Sports
Oct 30, 2013
Go to Creator's Profile
Score Distribution
Quiz Creator Spotlight
HurtSquad
Follow
Send a Message
Quizzes Created
-
Created Quiz Play Count
-
More By This Creator
Popular Quizzes Today
1
Countries of Asia Without Outlines Minefield
2
Find the US States - No Outlines Minefield
3
Pick 6: Fruits
4
Alphabetical 'K' Countries by Flag Minefield
5
The Countries of the World
6
Find the Countries of Europe - No Outlines Minefield
7
Find the US States
8
US States
More Sports Quizzes
Team in Common
Published
Trending Quizzes
Pick 6: Mountains
Pick 6: Harry Potter
Pick 6: Flags
Pick 6: NFL Teams
Pick 6: Movie Franchises
Recently Updated
Adaptations: Name the Title
pecheneg
NWSL Teams
pecheneg
Women's Final Four Teams by Year
bhenderson79
Presidents Quartet II
eogle
Anything But Clue(do)
eogle
Anything But Oceanian Capitals
eogle
Anything But 7
eogle
Anything But Thing
eogle
Word Ladder: February 29
pecheneg
Song Title Questions
pecheneg
Trending Topics
Kpop
Anime
NBA
Disney
Crossword
Marvel
Harry Potter
WWE
Puzzle
Country
Song
Soccer
Pokémon
The Office
NFL
Your Account Isn't Verified!
In order to create a playlist on Sporcle, you need to verify the email address you used during registration. Go to your
Sporcle Settings
to finish the process.
Report this User
Report this user for behavior that violates our
Community Guidelines
.
Details:
Send Report
Go to the Sporcle.com Mobile Site →
Comments